Video Game Characters By Picture - R - Statistics

General Stats
  • This quiz has been taken 113 times
  • The average score is 8 of 13
Answer Stats
Picture Answer % Correct
Ryu
86%
Rayman
85%
Red
83%
Ratchet
81%
Rattata
79%
Rosalina
77%
Ridley
64%
Rouge the Bat
60%
Roxanne Wolf
54%
Raiden
52%
Rico Rodriguez
16%
Razputin Aquato
10%
Ryo Hazuki
8%
No matching quizzes found
Score Distribution
Percent of People with Each Score
Percentile by Number Answered
Your Score History
You have not taken this quiz